Backwards 12 Months In 15 Seconds - Statistics

General Stats
  • This quiz has been taken 203 times
  • The average score is 7 of 12
Answer Stats
Months
(Start With December)
% Correct
December
100%
November
96%
October
93%
September
84%
August
69%
July
63%
June
55%
May
48%
April
40%
March
31%
February
22%
January
16%
No matching quizzes found
Score Distribution
Percent of People with Each Score
Percentile by Number Answered
Your Score History
You have not taken this quiz